[Event "Wch U14"]
[Site "Mamaia"]
[Date "2022.09.15"]
[Round "10"]
[White "Germanovs, Georgijs"]
[Black "Berin, Artem"]
[Result "1/2-1/2"]
[WhiteElo "1941"]
[BlackElo "2104"]
[PlyCount "110"]
[EventDate "2022.09.06"]
[EventType "swiss"]
[EventRounds "11"]
[EventCountry "ROU"]
[SourceTitle "CBM 210 Extra"]
[Source "ChessBase"]
[SourceDate "2022.11.30"]
[SourceVersion "1"]
[SourceVersionDate "2022.11.30"]
[SourceQuality "1"]

1. d4 Nf6 2. Nf3 e6 3. Bf4 h6 4. e3 Nh5 5. Bg3 Nxg3 6. hxg3 d6 7. Nbd2 g6 8. Bd3 Bg7 9. c4 Nd7 10. Qc2 Qe7 11. 0-0-0 a5 12. Ne4 e5 13. Nc3 Nf6 14. dxe5 dxe5 15. Nh4 e4 16. Nxe4 Nxe4 17. Bxe4 0-0 18. Nf3 a4 19. Nd4 a3 20. b3 Re8 21. Bd3 c5 22. Nf3 Bg4 23. Kd2 Rad8 24. Ke2 Rd6 25. Kf1 Red8 26. Ke2 f5 27. Qc1 Bb2 28. Qb1 Kg7 29. Bc2 Bc3 30. Rxd6 Rxd6 31. Rd1 Kf6 32. Qc1 Bb2 33. Rxd6+ Qxd6 34. Qd2 Qxd2+ 35. Kxd2 Bxf3 36. gxf3 b6 37. f4 g5 38. fxg5+ hxg5 39. f4 gxf4 40. gxf4 Ke6 41. Kd3 Bc1 42. Ke2 Kf6 43. Kf3 Bb2 44. e4 fxe4+ 45. Kxe4 Ke6 46. Bd1 Bc3 47. Bg4+ Kd6 48. Kf5 Ke7 49. Bf3 Bf6 50. Ke4 Kd6 51. Kd3 Bh4 52. Bd5 Bf6 53. Kc2 Bg7 54. f5 Bf6 55. Kd3 Ke5 1/2-1/2

[Event "Wch U14"]
[Site "Mamaia"]
[Date "2022.09.10"]
[Round "5"]
[White "Warchol, Kamil"]
[Black "Germanovs, Georgijs"]
[Result "1-0"]
[WhiteElo "2190"]
[BlackElo "1941"]
[PlyCount "83"]
[EventDate "2022.09.06"]
[EventType "swiss"]
[EventRounds "11"]
[EventCountry "ROU"]
[SourceTitle "CBM 210 Extra"]
[Source "ChessBase"]
[SourceDate "2022.11.30"]
[SourceVersion "1"]
[SourceVersionDate "2022.11.30"]
[SourceQuality "1"]

1. e4 e6 2. d4 d5 3. Nd2 c5 4. Ngf3 cxd4 5. Nxd4 Nc6 6. Bb5 Bd7 7. Nxc6 bxc6 8. Bd3 Bd6 9. Qe2 Ne7 10. e5 Bc7 11. Nf3 c5 12. c3 Ng6 13. 0-0 0-0 14. Ng5 Be8 15. f4 Qe7 16. Be3 h6 17. Nf3 Bc6 18. Qf2 Bb6 19. Qg3 Rad8 20. Rae1 d4 21. cxd4 cxd4 22. Bd2 Bxf3 23. Qxf3 f5 24. exf6 Rxf6 25. f5 Nf8 26. Qe4 e5 27. Qxe5 Qxe5 28. Rxe5 Nd7 29. Rd5 Nc5 30. Rxd8+ Bxd8 31. Bc4+ Kh7 32. Re1 Bb6 33. g4 Rf8 34. b3 Nd7 35. Kg2 Nf6 36. Kf3 Rd8 37. Re7 Bc5 38. Rc7 Bb6 39. Rf7 d3 40. h4 Nd7 41. Bc3 h5 42. Rxg7+ 1-0

[Event "Wch U14"]
[Site "Mamaia"]
[Date "2022.09.08"]
[Round "3"]
[White "Magold, Filip"]
[Black "Germanovs, Georgijs"]
[Result "1/2-1/2"]
[WhiteElo "2267"]
[BlackElo "1941"]
[PlyCount "147"]
[EventDate "2022.09.06"]
[EventType "swiss"]
[EventRounds "11"]
[EventCountry "ROU"]
[SourceTitle "CBM 210 Extra"]
[Source "ChessBase"]
[SourceDate "2022.11.30"]
[SourceVersion "1"]
[SourceVersionDate "2022.11.30"]
[SourceQuality "1"]

1. d4 Nf6 2. Nf3 g6 3. c4 c5 4. Nc3 Bg7 5. e4 cxd4 6. Nxd4 d6 7. Be2 0-0 8. Be3 Nc6 9. 0-0 Bd7 10. h3 a6 11. Qd2 Nxd4 12. Bxd4 b5 13. cxb5 axb5 14. a3 Qb8 15. Bf3 b4 16. axb4 Rxa1 17. Rxa1 Qb6 18. b5 Qxb5 19. Ra5 Qb4 20. Ra7 e5 21. Be3 Rb8 22. Kh2 Be6 23. Ra4 Qxb2 24. Qxd6 Ne8 25. Qd3 h5 26. Nd5 Nf6 27. Nc7 Qb3 28. Qa6 Bc8 29. Qa5 Qc2 30. Ra2 Qc4 31. Ra1 Kh7 32. Rc1 Qb4 33. Qa2 Qb3 34. Qa7 Rb7 35. Qc5 Qb4 36. Qc2 Bd7 37. Qa2 Qb3 38. Qa6 Qb2 39. Qd6 Qb4 40. Rc5 Qb6 41. Qxb6 Rxb6 42. Nd5 Rb5 43. Rc7 Be6 44. Nxf6+ Bxf6 45. g4 h4 46. g5 Bd8 47. Ra7 Rb3 48. Bg4 Bxg4 49. hxg4 Kg7 50. Rd7 Rxe3 51. fxe3 Bxg5 52. Rd3 Kf6 53. Kg2 Ke6 54. Kf3 Be7 55. Rd2 Bg5 56. Ra2 Ke7 57. Ra6 Kd7 58. Ke2 Ke7 59. Kd3 Kd7 60. Ra3 Ke6 61. Kc4 Bh6 62. Rb3 Bg5 63. Kd3 Ke7 64. Rb8 Kd7 65. Rh8 Ke7 66. Kc4 Kf6 67. Rh7 Bxe3 68. Rxh4 Kg5 69. Rh7 Kxg4 70. Rxf7 Bf4 71. Kd5 g5 72. Rg7 Kf3 73. Rxg5 Bxg5 74. Kxe5 1/2-1/2

[Event "Riga Tech op 11th"]
[Site "Riga"]
[Date "2022.08.18"]
[Round "6"]
[White "Kulaots, Kaido"]
[Black "Germanovs, Georgijs"]
[Result "1-0"]
[WhiteElo "2538"]
[BlackElo "1819"]
[PlyCount "77"]
[EventDate "2022.08.15"]
[EventType "swiss"]
[EventRounds "9"]
[EventCountry "LAT"]
[SourceTitle "CBM 209 Extra"]
[Source "ChessBase"]
[SourceDate "2022.09.30"]
[SourceVersion "1"]
[SourceVersionDate "2022.09.30"]
[SourceQuality "1"]

1. Nf3 Nf6 2. c4 c5 3. Nc3 d5 4. cxd5 Nxd5 5. e3 Nc6 6. Bb5 Nxc3 7. bxc3 Bd7 8. 0-0 a6 9. Be2 e5 10. d4 Bd6 11. dxe5 Bxe5 12. Nxe5 Nxe5 13. f4 Nc6 14. e4 0-0 15. e5 Bf5 16. Be3 Qa5 17. Qb3 Be6 18. Bc4 Bf5 19. Qxb7 Qxc3 20. Bxf7+ Kh8 21. Qb3 Qa5 22. e6 Ne7 23. Qb7 Ng6 24. Qd5 Qc3 25. Qxc5 Qxc5 26. Bxc5 Rfc8 27. Rac1 Nf8 28. Bxf8 Rxf8 29. Rfe1 g6 30. e7 Rxf7 31. e8Q+ Rxe8 32. Rxe8+ Kg7 33. Rce1 Kf6 34. Rd8 Rb7 35. Rd6+ Kf7 36. Rxa6 Rb2 37. Ra7+ Kf6 38. Rxh7 Be6 39. h3 1-0

[Event "Nizami Ganjavi 880 years U17"]
[Site "Tornelo INT"]
[Date "2021.04.04"]
[Round "9.7"]
[White "Fizer, Marek"]
[Black "Germanovs, Georgijs"]
[Result "0-1"]
[WhiteElo "1828"]
[BlackElo "1598"]
[PlyCount "30"]
[EventDate "2021.04.02"]
[EventType "team-swiss (blitz)"]
[EventRounds "9"]
[EventCountry "AZE"]
[SourceTitle "EXT 2023"]
[Source "ChessBase"]
[SourceDate "2022.10.05"]
[SourceVersion "1"]
[SourceVersionDate "2022.10.05"]
[SourceQuality "1"]
[WhiteTeam "Czech Republic"]
[BlackTeam "Latvia"]
[WhiteTeamCountry "CZE"]
[BlackTeamCountry "LAT"]

1. e4 e6 2. d4 d5 3. Nd2 c5 4. exd5 exd5 5. dxc5 Bxc5 6. Ngf3 Nc6 7. Bd3 Nf6 8. 0-0 0-0 9. c3 Bg4 10. h3 Bh5 11. Nb3 Bb6 12. Bg5 Qd6 13. g4 Qg3+ 14. Kh1 Qxh3+ 15. Nh2 Nxg4 0-1

[Event "Nizami Ganjavi 880 years U17"]
[Site "Tornelo INT"]
[Date "2021.04.02"]
[Round "2.7"]
[White "Germanovs, Georgijs"]
[Black "Strapec, Lukas"]
[Result "1-0"]
[WhiteElo "1598"]
[BlackElo "1705"]
[PlyCount "115"]
[EventDate "2021.04.02"]
[EventType "team-swiss (blitz)"]
[EventRounds "9"]
[EventCountry "AZE"]
[SourceTitle "EXT 2023"]
[Source "ChessBase"]
[SourceDate "2022.10.05"]
[SourceVersion "1"]
[SourceVersionDate "2022.10.05"]
[SourceQuality "1"]
[WhiteTeam "Latvia"]
[BlackTeam "Slovakia"]
[WhiteTeamCountry "LAT"]
[BlackTeamCountry "SVK"]

1. d4 Nf6 2. Nf3 g6 3. Bf4 Bg7 4. c4 d6 5. Nc3 0-0 6. e4 Nh5 7. Be3 e5 8. dxe5 dxe5 9. Qxd8 Rxd8 10. Nd5 Na6 11. 0-0-0 Be6 12. Be2 c6 13. Nc3 Nf4 14. Rxd8+ Rxd8 15. Bxf4 exf4 16. Rd1 Rxd1+ 17. Nxd1 Nc5 18. Ng5 Bd7 19. b4 Ne6 20. Nxe6 Bxe6 21. f3 Bd4 22. a4 Kg7 23. Kc2 c5 24. b5 b6 25. Nc3 Bxc3 26. Kxc3 Kf6 27. Kd3 Ke5 28. Bd1 f5 29. exf5 Bxf5+ 30. Kc3 g5 31. g4 Bg6 32. Be2 h5 33. h3 hxg4 34. hxg4 Bf7 35. Bd3 Be6 36. Bg6 Bc8 37. Be8 a6 38. Bc6 axb5 39. cxb5 Be6 40. Bb7 Bd5 41. Bxd5 Kxd5 42. Kd3 c4+ 43. Kd2 Kc5 44. Kc3 Kd5 45. Kd2 Kd6 46. Kc2 Kc5 47. Kc3 Kd5 48. Kb2 Kd4 49. a5 c3+ 50. Kc2 Kc5 51. a6 Kxb5 52. a7 Kc4 53. a8Q b5 54. Qe4+ Kc5 55. Kxc3 b4+ 56. Kb3 Kd6 57. Kxb4 Kc7 58. Qf5 1-0

[Event "EU-ch Online U12"]
[Site "Tornelo INT"]
[Date "2020.09.20"]
[Round "7"]
[White "Germanovs, Georgijs"]
[Black "Kiladze, Luka"]
[Result "1/2-1/2"]
[WhiteElo "2039"]
[BlackElo "1539"]
[PlyCount "90"]
[EventDate "2020.09.18"]
[EventType "swiss (rapid)"]
[EventRounds "9"]
[EventCountry "NET"]
[SourceTitle "EXT 2023"]
[Source "ChessBase"]
[SourceDate "2022.10.05"]
[SourceVersion "1"]
[SourceVersionDate "2022.10.05"]
[SourceQuality "1"]
[WhiteTeam "Latvia"]
[BlackTeam "Georgia"]
[WhiteTeamCountry "LAT"]
[BlackTeamCountry "GEO"]

1. d4 Nf6 2. Nf3 g6 3. Bf4 Bg7 4. c4 d6 5. Nc3 0-0 6. e4 Nfd7 7. Be2 e5 8. dxe5 dxe5 9. Bg3 c6 10. Qd6 Qf6 11. Qxf6 Bxf6 12. 0-0-0 Bg7 13. h4 h6 14. h5 g5 15. Rd6 Re8 16. Rhd1 Bf8 17. R6d2 f6 18. Nh2 Be7 19. Bg4 Nc5 20. Bxc8 Rxc8 21. Ng4 Kh7 22. b4 Ne6 23. c5 a5 24. Na4 Re8 25. Nb6 Ra7 26. Nd7 Nxd7 27. Rxd7 Kg7 28. Ne3 Kf8 29. Nf5 axb4 30. Nxh6 Rxa2 31. R1d6 Rd8 32. Rxe7 Kxe7 33. Nf5+ Kf7 34. Nh6+ Ke7 35. Nf5+ Kf7 36. Nh6+ Ke7 37. Nf5+ Kf7 38. Nh6+ Ke7 39. Nf5+ Kf7 40. Nh6+ Ke7 41. Nf5+ Kf7 42. Nh6+ Ke7 43. Nf5+ Kf7 44. Nh6+ Ke7 45. Nf5+ Kf7 1/2-1/2

[Event "Riga Shirov&Maskacha rapid"]
[Site "Riga"]
[Date "2020.01.09"]
[Round "7"]
[White "Germanovs, Georgijs"]
[Black "Berzina, Ilze"]
[Result "1-0"]
[WhiteElo "1588"]
[BlackElo "2192"]
[PlyCount "127"]
[EventDate "2020.01.09"]
[EventType "swiss (rapid)"]
[EventRounds "9"]
[EventCountry "LAT"]
[SourceTitle "CBM 194 Extra"]
[Source "ChessBase"]
[SourceDate "2020.03.31"]
[SourceVersion "1"]
[SourceVersionDate "2020.03.31"]
[SourceQuality "1"]

1. e4 c6 2. d4 d5 3. exd5 cxd5 4. c4 Nf6 5. Nc3 Nc6 6. cxd5 Nxd5 7. Nf3 g6 8. Bc4 Nb6 9. Bb3 Bg7 10. Be3 0-0 11. 0-0 Bg4 12. h3 Bxf3 13. Qxf3 Nxd4 14. Bxd4 Qxd4 15. Qxb7 Qb4 16. Nd5 Nxd5 17. Qxd5 Rad8 18. Qf3 Bxb2 19. Rab1 Qc3 20. Qe2 Ba3 21. Qa6 Bc5 22. Rbc1 Qd4 23. Rc4 Qe5 24. Kh1 Bd6 25. f4 Qe2 26. Rf3 Bc5 27. Kh2 Rd2 28. Rg3 Qf1 29. h4 Qg1+ 30. Kh3 Qh1+ 31. Kg4 h5+ 32. Kg5 Kg7 33. f5 f6+ 34. Kf4 Bd6+ 35. Ke4 Re2+ 36. Re3 Qxg2+ 37. Kd3 Rxe3+ 38. Kxe3 Rd8 39. Qa5 Qg1+ 40. Ke4 Be5 41. Qxd8 Qe1+ 42. Kd3 Qf1+ 43. Kc2 Qxf5+ 44. Qd3 Qf2+ 45. Qd2 Qf5+ 46. Kc1 g5 47. hxg5 fxg5 48. Qc2 Qf1+ 49. Qd1 Qf5 50. Rc2 h4 51. Qd8 Qf1+ 52. Kd2 Bf4+ 53. Kc3 Qe1+ 54. Kc4 Qe6+ 55. Qd5 Qa6+ 56. Kc3 Qf6+ 57. Kb4 Bd6+ 58. Ka4 Qf4+ 59. Rc4 Qf6 60. Re4 h3 61. Qg8+ Kh6 62. Re6 h2 63. Rxf6+ exf6 64. Bc2 1-0

[Event "Riga RTU rapid op"]
[Site "Riga"]
[Date "2019.07.04"]
[Round "4"]
[White "Germanovs, Georgijs"]
[Black "Low, Kevin"]
[Result "1/2-1/2"]
[WhiteElo "1911"]
[BlackElo "2153"]
[PlyCount "98"]
[EventDate "2019.07.04"]
[EventType "swiss (rapid)"]
[EventRounds "9"]
[EventCountry "LAT"]
[SourceTitle "EXT 2020"]
[Source "ChessBase"]
[SourceDate "2019.10.17"]
[SourceVersion "1"]
[SourceVersionDate "2019.10.17"]
[SourceQuality "1"]

1. e4 c5 2. d4 cxd4 3. c3 dxc3 4. Nxc3 Nc6 5. Nf3 d6 6. Bc4 Nf6 7. e5 Ng4 8. e6 Bxe6 9. Bxe6 fxe6 10. Ng5 Nf6 11. Nxe6 Qd7 12. Qe2 Nd8 13. Nd4 g6 14. Bg5 Bg7 15. 0-0-0 0-0 16. h4 Rc8 17. Bxf6 Bxf6 18. h5 g5 19. f4 gxf4 20. h6 Rf7 21. Kb1 Nc6 22. Ne6 Bxc3 23. bxc3 Rf6 24. Nc5 Qf5+ 25. Ne4 d5 26. Rxd5 Qxd5 27. Nxf6+ exf6 28. Qg4+ Kf7 29. Qxc8 Qd3+ 30. Kb2 Qd2+ 31. Kb3 Qd5+ 32. Ka3 Qc5+ 33. Kb2 Qf2+ 34. Ka3 Qc5+ 35. Kb2 Qf2+ 36. Ka1 Qc5 37. Qd7+ Ne7 38. Qd3 f5 39. Rb1 b6 40. Re1 b5 41. Qd4 Qxd4 42. cxd4 Nc6 43. d5 Nb4 44. Re5 Kf6 45. Re6+ Kf7 46. Re5 Kf6 47. Re6+ Kf7 48. Re5 Kf6 49. Re6+ Kf7 1/2-1/2

[Event "Olaine rapid op"]
[Site "Olaine"]
[Date "2018.11.25"]
[Round "6"]
[White "Germanovs, Georgijs"]
[Black "Volodins, Igors"]
[Result "0-1"]
[WhiteElo "1553"]
[BlackElo "2186"]
[PlyCount "146"]
[EventDate "2018.11.25"]
[EventType "swiss (rapid)"]
[EventRounds "9"]
[EventCountry "LAT"]
[SourceTitle "CBM 187 Extra"]
[Source "ChessBase"]
[SourceDate "2018.11.04"]
[SourceVersion "1"]
[SourceVersionDate "2018.11.04"]
[SourceQuality "1"]

1. e4 c6 2. d4 d5 3. e5 Bf5 4. c4 dxc4 5. Bxc4 e6 6. Nc3 Nd7 7. Nf3 Nb6 8. Bd3 Ne7 9. Bg5 Bxd3 10. Qxd3 h6 11. Bh4 g5 12. Nxg5 hxg5 13. Bxg5 Qd7 14. Ne4 Ned5 15. a3 Be7 16. Bxe7 Kxe7 17. Qc2 Rag8 18. Qc5+ Kd8 19. g3 Nc8 20. Rc1 Qc7 21. 0-0 Rh3 22. f3 Qb6 23. b4 Qa6 24. Qa5+ Qxa5 25. bxa5 Rh6 26. a6 bxa6 27. Rxc6 Ncb6 28. Nc5 a5 29. Nb7+ Kd7 30. Nxa5 Nf4 31. Rc2 Nfd5 32. Rfc1 Rc8 33. Rxc8 Nxc8 34. Nb7 Ncb6 35. Nc5+ Ke7 36. Ne4 Rh8 37. Nd6 f6 38. f4 fxe5 39. dxe5 Rb8 40. Rb1 Rd8 41. Kg2 Ne3+ 42. Kf3 Nf5 43. Rd1 Nxd6 44. Rxd6 Rxd6 45. exd6+ Kxd6 46. h4 Ke7 47. Ke4 Nc4 48. a4 a5 49. Kd4 Nb6 50. Kc5 Nxa4+ 51. Kb5 Nc3+ 52. Kxa5 Ne2 53. g4 Nxf4 54. Kb4 Ng2 55. h5 Kf6 56. Kc4 Ne3+ 57. Kd4 Nxg4 58. Ke4 Kg5 59. h6 Kxh6 60. Kf4 Kh5 61. Ke4 Kg5 62. Kf3 Kf5 63. Kg3 e5 64. Kf3 e4+ 65. Kg3 Kg5 66. Kg2 Kf4 67. Kg1 Kf3 68. Kf1 Nh2+ 69. Kg1 e3 70. Kxh2 e2 71. Kh3 e1Q 72. Kh2 Qf2+ 73. Kh3 Qg3# 0-1